| 000 | 02352nam0a2200361 4500 | ||
|---|---|---|---|
| 001 | RU\NLR\BIBL_A\012911902 | ||
| 005 | 20221124095045.0 | ||
| 010 |
_a978-5-04-162584-9 _95000 |
||
| 021 |
_aRU _bКН-П-22-058727 _9КН-П-22-5097 |
||
| 035 | _a(NLR Aleph) 012911902 | ||
| 035 | _a(RuMoRGB)011193353 | ||
| 090 |
_a12616792 _c12616792 |
||
| 100 | _a20221018d2022 u y0rusy50 ca | ||
| 101 | 1 |
_arus _ceng |
|
| 102 | _aRU | ||
| 105 | _ay z 000ay | ||
| 181 | 0 |
_ai4 _baxxe |
|
| 182 | 0 | _an | |
| 200 | 1 |
_aСоперники _fВи Киланд _gперевод с английского Ольги Мышаковой |
|
| 203 |
_aТекст _bвизуальный _cнепосредственный |
||
| 210 |
_aМосква _cЭксмо _d2022 |
||
| 215 |
_a348, [2] с. _d20 |
||
| 225 | 1 | _aModern Love | |
| 330 | _aВестон Локвуд мой враг по праву рождения. Наши деды были лучшими друзьями, но умудрились поссориться прямо на свадьбе одного из них. Причиной раздора стала женщина. С тех пор славную традицию ненавидеть поддерживали наши отцы. Да и бизнес, который ведут наши семьи, делает нас естественными соперниками, поделившими рынок. Все становится сложнее, когда мы с Вестоном получаем в наследство грандиозный отель от той самой роковой женщины, рассорившей наших дедов на долгие годы. Что делать с наследством? И что на самом деле произошло между нашими семьями в прошлом? И главное, почему мы с Вестоном, враждуя, в конечном итоге раз за разом оказываемся в одной постели? | ||
| 333 | _a18+ | ||
| 675 |
_a821.111(73)-31 _v4 |
||
| 686 | 1 | _aШ6(7США)67-440.4{Лх1979-50} | |
| 700 | 1 |
_aКиланд _bВ. _gВи _3RU\NLR\AUTH\770178727 |
|
| 942 | _cBOOK | ||
| 980 | _aNB | ||